Statistics for Pokémon GO: Highest CP Normal-type Pokémon

Click here to take the quiz!

General Stats

  • This quiz has been taken 26 times
    (16 since last reset)
  • The average score is 14 of 20

Answer Stats

Max CPAnswer% Correct
5010Slaking
100%
4160Mega Pidgeot
92%
4913Regigigas
92%
3647Snorlax
92%
3491Braviary
83%
3194Staraptor
83%
3524Bewear
75%
3117Blissey
75%
4234Mega Lopunny
75%
4490Meloetta
75%
3091Unfezant
75%
4358Ursaluna
75%
3329Ursaring
75%
3345Arboliva
67%
4353Mega Kangaskhan
67%
3196Stoutland
58%
3129Pyroar
50%
3693Porygon-Z
42%
3163Bouffalant
25%
3065Porygon2
25%

Score Distribution

Percentile by Number Answered

Percent of People with Each Score

Your Score History

You have not taken this quiz since the last reset